| 000 | 00410nam a2200169Ia 4500 | ||
|---|---|---|---|
| 003 | GCL | ||
| 008 | 140319s9999 xx 000 0 eng d | ||
| 040 |
_aGCL / _cGCL |
||
| 082 | 0 | 4 |
_a181.5 _bG A |
| 100 | 1 | _aGOODMAN, LENN E. | |
| 245 | 1 | 0 |
_aAVICENNA / _cGOODMAN, LENN E. |
| 260 |
_a[S.N] : _bROUTLEDGE ، _c1992 |
||
| 300 | _a240 P | ||
| 650 | 0 | 4 | _aPHILOSOPHERS |
| 650 | 0 | 4 | _aARABIC THOUGHT |
| 942 |
_2ddc _cBK |
||
| 999 |
_c23912 _d23912 |
||